000 00506nam a2200169Ia 4500
008 140527s9999 xx 000 0 und d
020 _a9789712364433
050 _aG 155.A1
_b.C888 2006
100 _aCruz, Zenaida L.
245 _aPrinciples of tourism :
_bpart 2 /
_cZenaida L. Cruz.
260 _aManila :
_bRex Book Store,
_cc2013.
300 _a285 p. :
_bill. ;
_c23 cm.
500 _aIncludes bibliographical references and index.
521 _aBSBA
942 _kLOC
_cBK
999 _c117519
_d117519